Možnosti dodatočného financovania finančných inštitúcií v prípade ich úpadku

Banková únia založená na troch základných pilieroch: jednotný mechanizmus dohľadu (SSM - Single supervisory mechanism), jednotný mechanizmus riešenia krízových situácií (SRM - Single resolution mechanism), jednotný mechanizmus fondov ochrany vkladov (SDGS - Single deposit guarantee schemes). Nástro...

Ausführliche Beschreibung

Gespeichert in:
Bibliographische Detailangaben
1. Verfasser: Chandoga, Roman
Format: Buchkapitel
Sprache:Slowakisch
Schlagworte:
Tags: Tag hinzufügen
Keine Tags, Fügen Sie das erste Tag hinzu!

MARC

LEADER 00000nla a2200000 4500
001 0227781
005 20240502083613.3
041 0 |a slo 
044 |a CZ 
245 1 0 |a Možnosti dodatočného financovania finančných inštitúcií v prípade ich úpadku  |c Roman Chandoga 
520 |a Banková únia založená na troch základných pilieroch: jednotný mechanizmus dohľadu (SSM - Single supervisory mechanism), jednotný mechanizmus riešenia krízových situácií (SRM - Single resolution mechanism), jednotný mechanizmus fondov ochrany vkladov (SDGS - Single deposit guarantee schemes). Nástroje financovania v rámci SRM. Spoločný rezolučný fond. Zabezpečovací mechanizmus pre financovanie fondu. 
610 2 0 |a únie bankové 
610 2 0 |a banky 
610 2 0 |a trh finančný 
610 2 0 |a regulácia 
610 2 0 |a stabilita finančná 
610 2 0 |a financovanie 
610 2 0 |a kríza 
610 2 0 |a fondy finančné 
610 2 0 |a inštitúcie finančné 
610 2 0 |a Európska únia 
100 1 |a Chandoga, Roman